Κατάλογος Βιβλιοθηκών Mediterranean College

Εισαγωγή στη Νομισματική Θεωρία / Προσφορά, Ζήτηση και Ισορροπία Χρήματος. (Record no. 3832)

MARC details
000 -LEADER
fixed length control field 01104cam a22001814a 4500
005 - ΗΜΕΡΟΜΗΝΙΑ ΚΑΙ ΩΡΑ ΤΕΛΕΥΤΑΙΑΣ ΕΝΗΜΕΡΩΣΗΣ
Πεδίο ελέγχου 20250827124629.0
008 - FIXED-LENGTH DATA ELEMENTS--GENERAL INFORMATION
Πεδίο ελέγχου σταθερού μήκους 250528s ||||||||||||||||||||||||d
035 ## - SYSTEM CONTROL NUMBER
System control number 18471
040 ## - ΠΗΓΗ ΚΑΤΑΛΟΓΟΓΡΑΦΗΣΗΣ
Φορέας πρωτότυπης καταλογογράφησης MC Athens Campus Library
Γλώσσα καταλογογράφησης Ελληνικά, Μοντέρνα (1453-)
Modifying agency MC Athens Campus Library
Κανόνες περιγραφικής καταλογογράφησης AACR2
245 1# - ΤΙΤΛΟΣ ΚΑΙ ΔΗΛΩΣΗ ΥΠΕΥΘΥΝΟΤΗΤΑΣ
Τίτλος Εισαγωγή στη Νομισματική Θεωρία / Προσφορά, Ζήτηση και Ισορροπία Χρήματος.
Number of part/section of a work Τόμος Β'
260 ## - PUBLICATION, DISTRIBUTION, ETC.
Name of publisher, distributor, etc. Αντ. Σάκκουλας,
Date of publication, distribution, etc. 1984
300 ## - PHYSICAL DESCRIPTION
Extent 342
520 ## - SUMMARY, ETC.
Summary, etc. Δημιουργία Τραπεζικού Χρήματος, Τα Κίνητρα της Ζητήσεως Χρήματος, Το Κίνητρο της Κερδοσκοπίας, Ζήτηση Χρήματος: Θεωρητικά Υποδείγματα, Ζήτηση Χρήματος: Εμπειρικά Υποδείγματα, Η Ποσοτική Θεωρία του Χρήματος, Κεϋνσιανή Θεωρία του Χρήματος, Το Χρήμα στο Πλήρες Κεϋνσιανό Υπόδειγμα.
700 1# - ΠΡΟΣΘΕΤΗ ΑΝΑΓΡΑΦΗ--ΦΥΣΙΚΟ ΠΡΟΣΩΠΟ
Personal name Παπαδάκης, Βασίλης Μ.
9 (RLIN) 3508
942 ## - ADDED ENTRY ELEMENTS (KOHA)
Koha item type Books
Holdings
Τύπος τεκμηρίου Βιβλιοθήκη Τρέχουσα τοποθεσία Barcode Αριθμός εισαγωγής Ημερομηνία απόκτησης Ταξιθετικό σύμβολο Αριθμός αντιτύπου Κατάσταση απόσυρσης Κατάσταση χαμένου Κατάσταση κατεστραμμένου Μη δανεισμός Σύνολο δανεισμών Ημερομηνία τελευταίας εμφάνισης Η τιμή ισχύει από
Books MC Athens Campus Library MC Athens Campus Library 9780000038319 3163 05/06/2025 332.401 PAP V.B 1           05/06/2025 05/06/2025

MC Athens Campus Library
Πατησίων 94 & Κοδριγκτώνος 13, 104 34
Πελλήνης 8 & Πατησίων 107, 112 51
Τ: +30 210 8899600

MC Thessaloniki Campus Library
Ίωνος Δραγούμη 21, 54625 | Ίωνος Δραγούμη 15, 54625
Τ: +30 2310 287779 – Τ: +30 2314 440300